| 000 | 00570nam a22001817a 4500 | ||
|---|---|---|---|
| 003 | CEME | ||
| 005 | 20210628205615.0 | ||
| 008 | 210308b xxu||||| |||| 00| 0 eng d | ||
| 020 | _a0-534-95099-X | ||
| 040 | _c. | ||
| 082 | _a621.392 ROT'D | ||
| 100 |
_aRoth, Charles H _917981 |
||
| 245 | _aDigital systems design using vhdl | ||
| 260 |
_aBOSTON _bPWS _c1998 |
||
| 300 | _a451P | ||
| 650 |
_aELECTRONIC DIGITAL COMPUTERS-CIRCUITS-DESIGN AND CONSTRUCTION-DATA PROCESSING VHDL HARDWARE DESCRIPTION LANGUAGE SYSTEM DESIGN - DATA PROCESSING _976232 |
||
| 942 |
_cBK _2ddc |
||
| 999 |
_c581633 _d581633 |
||